[Event "GRE-ch U12"]
[Site "Peristeri"]
[Date "2023.07.09"]
[Round "9"]
[White "Anagnostopoulos, Panagiotis1111"]
[Black "Makrylakis, Iason"]
[Result "1-0"]
[WhiteElo "1401"]
[BlackElo "1573"]
[PlyCount "99"]
[EventDate "2023.07.03"]
[EventType "swiss"]
[EventRounds "9"]
[EventCountry "GRE"]
[SourceTitle "EXT 2024"]
[Source "ChessBase"]
[SourceDate "2023.10.10"]
[SourceVersion "1"]
[SourceVersionDate "2023.10.10"]
[SourceQuality "1"]

1. Nf3 e6 2. g3 d5 3. Bg2 c6 4. 0-0 f5 5. c4 Nf6 6. b3 Bd6 7. Bb2 Nbd7 8. d3 0-0 9. Nbd2 e5 10. cxd5 cxd5 11. e4 fxe4 12. dxe4 d4 13. Ng5 Nc5 14. b4 Ne6 15. Qb3 Qe7 16. Bh3 Re8 17. Nc4 h6 18. Nxd6 Qxd6 19. Nxe6 Bxe6 20. Bxe6+ Qxe6 21. f3 Rac8 22. Rac1 Qxb3 23. axb3 a6 24. Kf2 Kf7 25. Ke2 Ke6 26. Kd3 Kd7 27. Rxc8 Kxc8 28. f4 exf4 29. Rxf4 Kd7 30. Bxd4 Ke6 31. Rf5 Rd8 32. b5 Rd7 33. bxa6 bxa6 34. Ra5 Ng4 35. Rxa6+ Ke7 36. Kc4 Rc7+ 37. Kb4 Nf6 38. Ka3 Nxe4 39. Bxg7 h5 40. Rh6 Nf2 41. Rxh5 Nd3 42. Ra5 Rc2 43. h4 Kf7 44. Bd4 Rg2 45. Rf5+ Ke6 46. Rf3 Rd2 47. h5 Kd5 48. Bc3 Rd1 49. h6 Ne5 50. Rf5 1-0

[Event "GRE-ch U12"]
[Site "Peristeri"]
[Date "2023.07.07"]
[Round "7"]
[White "Oikonomopoulos, Filippos"]
[Black "Makrylakis, Iason"]
[Result "1-0"]
[WhiteElo "1830"]
[BlackElo "1573"]
[PlyCount "80"]
[EventDate "2023.07.03"]
[EventType "swiss"]
[EventRounds "9"]
[EventCountry "GRE"]
[SourceTitle "EXT 2024"]
[Source "ChessBase"]
[SourceDate "2023.10.10"]
[SourceVersion "1"]
[SourceVersionDate "2023.10.10"]
[SourceQuality "1"]

1. e4 e6 2. Qe2 Be7 3. Nf3 d5 4. d3 Nf6 5. g3 0-0 6. Bg2 c5 7. 0-0 Nc6 8. e5 Nd7 9. c4 dxc4 10. dxc4 Qc7 11. Bf4 Rd8 12. Nc3 Nf8 13. g4 Ng6 14. Bg3 a6 15. Rad1 Bd7 16. Qe3 Nd4 17. b3 Nxf3+ 18. Bxf3 h6 19. Be4 Nf8 20. f4 Nh7 21. h4 Bc6 22. f5 Bxe4 23. Nxe4 Rxd1 24. Rxd1 Rd8 25. Nd6 exf5 26. gxf5 Bxd6 27. Rxd6 Nf8 28. Kh2 Rxd6 29. exd6 Qc8 30. f6 gxf6 31. Qxh6 Qe6 32. Qh5 b6 33. Qf3 Kg7 34. h5 Nh7 35. Bf4 Ng5 36. Qe3 Qg4 37. Bxg5 Qxh5+ 38. Qh3 Qe2+ 39. Qg2 Qh5+ 40. Bh4+ Kh7 1-0

[Event "GRE-ch U12"]
[Site "Peristeri"]
[Date "2023.07.03"]
[Round "1"]
[White "Priftis, Evangelos"]
[Black "Makrylakis, Iason"]
[Result "0-1"]
[WhiteElo "1150"]
[BlackElo "1573"]
[PlyCount "108"]
[EventDate "2023.07.03"]
[EventType "swiss"]
[EventRounds "9"]
[EventCountry "GRE"]
[SourceTitle "EXT 2024"]
[Source "ChessBase"]
[SourceDate "2023.10.10"]
[SourceVersion "1"]
[SourceVersionDate "2023.10.10"]
[SourceQuality "1"]

1. c4 c6 2. e4 d5 3. cxd5 cxd5 4. exd5 Nf6 5. Nc3 Nxd5 6. Bb5+ Bd7 7. Qa4 Nb6 8. Bxd7+ N8xd7 9. Qd1 e6 10. d4 Nf6 11. Nf3 Rc8 12. 0-0 Bb4 13. Ne2 0-0 14. a3 Bd6 15. Bg5 h6 16. Bh4 Nbd5 17. Rc1 Qb6 18. Qd2 Qb3 19. Ne5 Ne4 20. Qd3 Qxd3 21. Nxd3 Nd2 22. Rfd1 Nb3 23. Rxc8 Rxc8 24. Nec1 Nxd4 25. Bg3 Bxg3 26. hxg3 Rc2 27. Kf1 Nf5 28. Ne2 Kf8 29. Ke1 Ke7 30. Rc1 Rxc1+ 31. Nexc1 Kd6 32. Kd2 e5 33. Nb3 b6 34. g4 Nfe7 35. f3 f5 36. Nf2 Nf6 37. gxf5 Nxf5 38. Ke2 h5 39. Nd2 Ng3+ 40. Ke1 Kd5 41. Nd3 a5 42. a4 Kd4 43. Nf2 e4 44. fxe4 Nfxe4 45. Nfxe4 Nxe4 46. Nxe4 Kxe4 47. Ke2 h4 48. Kd1 Ke3 49. Ke1 g5 50. Kf1 g4 51. g3 h3 52. b3 Kf3 53. Kg1 Kxg3 54. Kh1 Kf2 0-1

[Event "GRE-chT U16 14th"]
[Site "Rio Achaia"]
[Date "2022.12.16"]
[Round "2"]
[White "Mavridis, Athanasios Theof"]
[Black "Makrylakis, Iason"]
[Result "0-1"]
[WhiteElo "1658"]
[BlackElo "1475"]
[PlyCount "66"]
[EventDate "2022.12.15"]
[EventType "team-swiss"]
[EventRounds "6"]
[EventCountry "GRE"]
[SourceTitle "EXT 2024"]
[Source "ChessBase"]
[SourceDate "2023.10.10"]
[SourceVersion "1"]
[SourceVersionDate "2023.10.10"]
[SourceQuality "1"]

1. d4 Nf6 2. c4 e6 3. Nf3 Bb4+ 4. Bd2 a5 5. e3 d6 6. Bd3 Qe7 7. 0-0 e5 8. e4 Bxd2 9. Nbxd2 0-0 10. Qc2 Bg4 11. d5 Nbd7 12. b3 Nh5 13. Ne1 Nc5 14. f3 Bd7 15. Rf2 Nf4 16. Nf1 Qg5 17. Kh1 h5 18. Ng3 h4 19. Ne2 f5 20. Nc3 Rf7 21. Rd1 Raf8 22. Qd2 Qg6 23. Bc2 fxe4 24. Nxe4 Nxe4 25. Bxe4 Bf5 26. Bxf5 Rxf5 27. Nd3 Nh5 28. Qxa5 e4 29. Ne1 e3 30. Re2 Ng3+ 31. hxg3 hxg3 32. Kg1 Qh6 33. Rc2 e2 0-1

[Event "GRE-ch U12"]
[Site "Thessaloniki"]
[Date "2022.08.18"]
[Round "1"]
[White "Makrylakis, Iason"]
[Black "Gerasopoulos, Nikolaos"]
[Result "1/2-1/2"]
[WhiteElo "1202"]
[BlackElo "1538"]
[PlyCount "74"]
[EventDate "2022.08.18"]
[EventType "swiss"]
[EventRounds "9"]
[EventCountry "GRE"]
[SourceTitle "EXT 2023"]
[Source "ChessBase"]
[SourceDate "2022.10.05"]
[SourceVersion "1"]
[SourceVersionDate "2022.10.05"]
[SourceQuality "1"]

1. e4 e6 2. d4 d5 3. Nc3 dxe4 4. Nxe4 Nd7 5. Nf3 Ngf6 6. Nxf6+ Nxf6 7. c3 Be7 8. Bd3 0-0 9. Qe2 b6 10. Be3 Bb7 11. 0-0 c5 12. Rfd1 Qc7 13. Ba6 Bxa6 14. Qxa6 Nd5 15. Qe2 c4 16. Nd2 Rac8 17. Ne4 h6 18. Bd2 Bd6 19. g3 f5 20. Nxd6 Qxd6 21. Re1 Rfe8 22. Qe5 Qxe5 23. Rxe5 a6 24. Rae1 Kf7 25. h4 b5 26. Rc1 Rc6 27. f3 Nf6 28. Bf4 Nd5 29. Bd2 Nf6 30. Bf4 Nh5 31. Kf2 Nxf4 32. gxf4 Rd8 33. Rce1 Rcd6 34. Rc5 Rd5 35. Re5 R8d6 36. Rc7+ Kf6 37. Kg3 Rd7 1/2-1/2

[Event "GRE-ch U12 Attiki"]
[Site "Peristeri"]
[Date "2022.06.29"]
[Round "6"]
[White "Makrylakis, Iason"]
[Black "Ieromonachos, Georgios"]
[Result "1/2-1/2"]
[WhiteElo "1244"]
[BlackElo "1144"]
[PlyCount "134"]
[EventDate "2022.06.24"]
[EventType "swiss"]
[EventRounds "7"]
[EventCountry "GRE"]
[SourceTitle "EXT 2023"]
[Source "ChessBase"]
[SourceDate "2022.10.05"]
[SourceVersion "1"]
[SourceVersionDate "2022.10.05"]
[SourceQuality "1"]

1. e4 c5 2. c3 Nc6 3. d4 cxd4 4. cxd4 e6 5. Nc3 d5 6. exd5 exd5 7. Nf3 Nf6 8. Bb5 Be7 9. 0-0 0-0 10. Bf4 Bg4 11. Rc1 Bxf3 12. gxf3 Nh5 13. Bg3 Bg5 14. Rb1 f5 15. Bxc6 bxc6 16. Be5 Bf4 17. Ne2 Bxe5 18. dxe5 Qg5+ 19. Kh1 Nf4 20. Rg1 Qh4 21. Qa4 Ng6 22. Qxc6 Qxf2 23. Qxd5+ Kh8 24. Rbe1 Rad8 25. Qb7 Qb6 26. Qxb6 axb6 27. Nc3 Rd2 28. Rg2 Rxg2 29. Kxg2 Nf4+ 30. Kg3 Nd3 31. Re2 Re8 32. e6 Kg8 33. Nd5 b5 34. e7 Kf7 35. Nc7 Rxe7 36. Rxe7+ Kxe7 37. Nxb5 Nxb2 38. Kf4 Kf6 39. Nc3 Nc4 40. a4 g5+ 41. Kg3 Ke5 42. Nb5 h5 43. h3 h4+ 44. Kf2 Kd5 45. Nc7+ Kd6 46. Ne8+ Ke7 47. Nc7 Kd7 48. Nb5 f4 49. Nd4 Ne5 50. a5 Kc8 51. Ne6 Nf7 52. Ke2 Kb7 53. Kd3 Ne5+ 54. Ke4 Nc4 55. Nxg5 Nxa5 56. Kxf4 Kc6 57. Kg4 Kd7 58. Kxh4 Ke7 59. Kg4 Nc6 60. f4 Kf6 61. h4 Nd4 62. h5 Nc6 63. h6 Kg6 64. f5+ Kxh6 65. f6 Kg6 66. Ne4 Ne5+ 67. Kg3 Kf5 1/2-1/2

[Event "GRE-ch U10"]
[Site "Patras"]
[Date "2021.09.05"]
[Round "9"]
[White "Pitsakis, Ilias"]
[Black "Makrylakis, Iason"]
[Result "1/2-1/2"]
[WhiteElo "1436"]
[BlackElo "1182"]
[PlyCount "158"]
[EventDate "2021.08.30"]
[EventType "swiss"]
[EventRounds "9"]
[EventCountry "GRE"]
[SourceTitle "EXT 2022"]
[Source "ChessBase"]
[SourceDate "2021.10.06"]
[SourceVersion "1"]
[SourceVersionDate "2021.10.06"]
[SourceQuality "1"]

1. d4 Nf6 2. Nf3 e6 3. g3 Nc6 4. Bg2 Bb4+ 5. c3 Be7 6. 0-0 0-0 7. c4 Re8 8. b3 d6 9. Bb2 Bf8 10. e3 Qe7 11. Nc3 e5 12. Nd5 Qd8 13. dxe5 dxe5 14. Qe2 Bg4 15. Rfd1 Nxd5 16. Rxd5 Qc8 17. Qf1 f6 18. h3 Be6 19. Rdd1 Rd8 20. Ne1 Rd6 21. Rxd6 Bxd6 22. Rd1 Qe8 23. Nc2 Bf5 24. e4 Be6 25. Ne3 Bc5 26. Nd5 Bxd5 27. exd5 Nd4 28. Bc3 a5 29. Qe1 Qe7 30. Bxd4 exd4 31. Qxe7 Bxe7 32. Rxd4 Bd6 33. Re4 Kf7 34. Kf1 a4 35. Re3 axb3 36. Rxb3 Rxa2 37. Rxb7 Rc2 38. Be4 Rxc4 39. Bxh7 Rd4 40. Rb8 Bf8 41. Rc8 Rxd5 42. Rxc7+ Ke8 43. Bg6+ Kd8 44. Rf7 Bc5 45. Be4 Rd7 46. Rxd7+ Kxd7 47. Ke2 Ke6 48. f4 Bd6 49. Kf3 Ba3 50. Kg4 Kf7 51. Kh5 Bb4 52. Bd5+ Kf8 53. Bc4 Be1 54. Kg4 Bf2 55. h4 g6 56. Kf3 Be1 57. Kg2 Kg7 58. Kh3 Bd2 59. Kg4 Be1 60. Bb5 Kf7 61. Kf3 Kf8 62. Bd3 Kg7 63. Bb5 Kf7 64. Kg2 Kf8 65. Kh3 Bd2 66. h5 gxh5 67. Be2 Kg7 68. Bxh5 Bc1 69. Kg2 Bd2 70. Kf2 Bc1 71. Ke2 Kh6 72. Be8 Kg7 73. Kd3 Kf8 74. Bh5 Kg7 75. Ke4 Bd2 76. Kf5 Be1 77. g4 Bd2 78. Ke4 Bc1 79. f5 Bg5 1/2-1/2

[Event "GRE-ch South U10"]
[Site "Athens"]
[Date "2020.08.31"]
[Round "5"]
[White "Makrylakis, Iason"]
[Black "Katsanis, Vasileios Dimitrios"]
[Result "0-1"]
[WhiteElo "1206"]
[BlackElo "1345"]
[PlyCount "86"]
[EventDate "2020.08.28"]
[EventType "swiss"]
[EventRounds "9"]
[EventCountry "GRE"]
[SourceTitle "EXT 2023"]
[Source "ChessBase"]
[SourceDate "2022.10.05"]
[SourceVersion "1"]
[SourceVersionDate "2022.10.05"]
[SourceQuality "1"]

1. d4 d5 2. c4 e6 3. Nc3 a6 4. Nf3 Nf6 5. Bg5 dxc4 6. e4 b5 7. e5 h6 8. Bh4 g5 9. Nxg5 hxg5 10. Bxg5 Nbd7 11. Qf3 Rb8 12. exf6 Bb7 13. Qe3 Nxf6 14. f3 Be7 15. Qd2 Bd6 16. Qf2 Ng4 17. Bxd8 Nxf2 18. Kxf2 Rxd8 19. Be2 Be7 20. Rad1 Rh4 21. g4 Bf6 22. Ke3 Bg5+ 23. Kf2 Bf4 24. h3 Bg5 25. Ne4 Bxe4 26. fxe4 Rh6 27. Kg2 Bf6 28. e5 Bg5 29. Bf3 Be3 30. d5 Ke7 31. h4 Bf4 32. h5 Bxe5 33. g5 Rg8 34. Kf2 Rxg5 35. Rhg1 Rxg1 36. Kxg1 Bxb2 37. dxe6 Rxe6 38. Bg4 Rd6 39. Re1+ Kf8 40. Re2 Bd4+ 41. Kh2 Bc3 42. Kh3 Rd3+ 43. Kh4 Bf6# 0-1

[Event "GRE-ch South U10"]
[Site "Athens"]
[Date "2020.08.30"]
[Round "4"]
[White "Tzortzatos, Konstantinos"]
[Black "Makrylakis, Iason"]
[Result "0-1"]
[WhiteElo "1087"]
[BlackElo "1206"]
[PlyCount "44"]
[EventDate "2020.08.28"]
[EventType "swiss"]
[EventRounds "9"]
[EventCountry "GRE"]
[SourceTitle "EXT 2023"]
[Source "ChessBase"]
[SourceDate "2022.10.05"]
[SourceVersion "1"]
[SourceVersionDate "2022.10.05"]
[SourceQuality "1"]

1. e4 e6 2. d4 d5 3. exd5 exd5 4. Bd3 Bd6 5. c3 Ne7 6. Qf3 Nbc6 7. Bf4 Be6 8. Ne2 Qd7 9. Bxd6 Qxd6 10. 0-0 0-0-0 11. Nd2 h5 12. Ng3 h4 13. Ne2 g5 14. h3 f5 15. Nc1 g4 16. hxg4 Kb8 17. Qe3 fxg4 18. g3 Rdg8 19. Re1 Rh5 20. Ne2 Bd7 21. Nf4 Rgh8 22. Kf1 R5h6 0-1

[Event "EU-ch U08"]
[Site "Bratislava"]
[Date "2019.08.09"]
[Round "8"]
[White "Szuhorukov, Marcell"]
[Black "Makrylakis, Iason"]
[Result "1/2-1/2"]
[WhiteElo "1347"]
[BlackElo "1137"]
[PlyCount "129"]
[EventDate "2019.08.02"]
[EventType "swiss"]
[EventRounds "9"]
[EventCountry "SVK"]
[SourceTitle "EXT 2020"]
[Source "ChessBase"]
[SourceDate "2019.10.17"]
[SourceVersion "1"]
[SourceVersionDate "2019.10.17"]
[SourceQuality "1"]

1. e4 c5 2. Nf3 d6 3. d4 cxd4 4. Nxd4 Nf6 5. Nc3 g6 6. g3 Bg7 7. Bg2 Nc6 8. Nde2 Be6 9. Nd5 Bd7 10. Bg5 Nxd5 11. exd5 Ne5 12. h3 0-0 13. 0-0 f6 14. Be3 Rc8 15. b3 Qa5 16. Nd4 Rfe8 17. c4 f5 18. a4 Nf7 19. Re1 Ne5 20. Qd2 Qxd2 21. Bxd2 Nd3 22. Bc3 Nxe1 23. Rxe1 a6 24. Ba1 Bxd4 25. Bxd4 b5 26. axb5 axb5 27. Bf1 bxc4 28. bxc4 e6 29. Ra1 Ra8 30. Rb1 Reb8 31. Re1 e5 32. Be3 Ra2 33. c5 dxc5 34. Bxc5 e4 35. d6 Rd2 36. Ra1 Rc8 37. Bb4 Rd4 38. Be1 Rxd6 39. Bg2 Rdc6 40. Bd2 Rc2 41. Be3 Bb5 42. g4 R2c6 43. gxf5 gxf5 44. f3 Rg6 45. fxe4 fxe4 46. Kh1 Bd3 47. Ra4 Re6 48. Ra5 h6 49. h4 Rb8 50. Kh2 Rb2 51. Ra8+ Kf7 52. Ra7+ Re7 53. Ra5 Re2 54. Bxh6 e3 55. Bg5 Rd7 56. Kg3 Re1 57. Re5 Bc4 58. Rxe3 Rxe3+ 59. Bxe3 Rd3 60. Kf4 Bd5 61. Bxd5+ Rxd5 62. Ke4 Ra5 63. Bg5 Ra4+ 64. Kd3 Rxh4 65. Bxh4 1/2-1/2

[Event "EU-ch U08"]
[Site "Bratislava"]
[Date "2019.08.07"]
[Round "6"]
[White "Makrylakis, Iason"]
[Black "Cirkovic, Vuk"]
[Result "1-0"]
[WhiteElo "1137"]
[BlackElo "1282"]
[PlyCount "49"]
[EventDate "2019.08.02"]
[EventType "swiss"]
[EventRounds "9"]
[EventCountry "SVK"]
[SourceTitle "EXT 2020"]
[Source "ChessBase"]
[SourceDate "2019.10.17"]
[SourceVersion "1"]
[SourceVersionDate "2019.10.17"]
[SourceQuality "1"]

1. c4 Nf6 2. Nc3 g6 3. d4 Bg7 4. e4 d6 5. f3 0-0 6. Be3 e5 7. d5 a6 8. Qd2 c6 9. 0-0-0 cxd5 10. cxd5 b5 11. h4 b4 12. Nce2 a5 13. Kb1 Na6 14. Bh6 Nc5 15. g4 Qb6 16. h5 Ba6 17. hxg6 Bd3+ 18. Ka1 b3 19. a3 Qb4 20. Nc3 Nfxe4 21. gxh7+ Kh8 22. Bxg7+ Kxg7 23. Qh6+ Kh8 24. Bxd3 Nxc3 25. Qf6# 1-0

[Event "EU-ch U08"]
[Site "Bratislava"]
[Date "2019.08.04"]
[Round "3"]
[White "Makrylakis, Iason"]
[Black "Gulenko, Zakhar"]
[Result "0-1"]
[WhiteElo "1137"]
[BlackElo "1496"]
[PlyCount "46"]
[EventDate "2019.08.02"]
[EventType "swiss"]
[EventRounds "9"]
[EventCountry "SVK"]
[SourceTitle "EXT 2020"]
[Source "ChessBase"]
[SourceDate "2019.10.17"]
[SourceVersion "1"]
[SourceVersionDate "2019.10.17"]
[SourceQuality "1"]

1. d4 d5 2. c4 e6 3. Nc3 c5 4. cxd5 exd5 5. dxc5 d4 6. Ne4 Bf5 7. Ng3 Bg6 8. Bf4 Bxc5 9. Nf3 Nc6 10. a3 a5 11. Qb3 Qd7 12. Rd1 Rd8 13. Nh4 Nf6 14. Nxg6 hxg6 15. Bg5 Be7 16. Bxf6 Bxf6 17. Ne4 0-0 18. Nxf6+ gxf6 19. g3 Rfe8 20. Qf3 Ne5 21. Qg2 d3 22. Rd2 Nc4 23. f3 Nxd2 0-1

[Event "GRE-ch U08"]
[Site "Patras"]
[Date "2019.06.26"]
[Round "3.1"]
[White "Makrylakis, Iason"]
[Black "Oikonomopoulos, Filippos"]
[Result "0-1"]
[WhiteElo "1190"]
[BlackElo "1348"]
[PlyCount "122"]
[EventDate "2019.06.25"]
[EventType "swiss"]
[EventRounds "9"]
[EventCountry "GRE"]
[SourceTitle "EXT 2020"]
[Source "ChessBase"]
[SourceDate "2019.10.17"]
[SourceVersion "1"]
[SourceVersionDate "2019.10.17"]
[SourceQuality "1"]
[WhiteTeam "Greece"]
[BlackTeam "Greece"]
[WhiteTeamCountry "GRE"]
[BlackTeamCountry "GRE"]

1. d4 Nf6 2. c4 e6 3. Nc3 Bb4 4. Nf3 0-0 5. Bg5 h6 6. Bh4 b6 7. e3 Bb7 8. Bd3 d5 9. 0-0 Nbd7 10. Qb3 c5 11. cxd5 exd5 12. Be2 Rc8 13. Rac1 Re8 14. Bb5 Ba8 15. Bxf6 gxf6 16. Nxd5 Bxd5 17. Qxd5 Ne5 18. Qxd8 Nxf3+ 19. gxf3 Rexd8 20. Kh1 cxd4 21. exd4 Rxc1 22. Rxc1 Rxd4 23. Rc8+ Kg7 24. Rc7 Rd2 25. Rxa7 Rxf2 26. a3 Bd6 27. b4 Rxh2+ 28. Kg1 h5 29. Bc4 h4 30. Rxf7+ Kg6 31. Rd7 Be5 32. Rd8 h3 33. Rh8 Kg5 34. a4 f5 35. Rh7 Rc2 36. Bf1 h2+ 37. Kh1 Bg3 38. a5 bxa5 39. bxa5 Ra2 40. a6 Kf4 41. a7 Ke3 42. Re7+ Kf4 43. Rh7 Ke3 44. Re7+ Kd4 45. Rd7+ Kc5 46. Rg7 f4 47. Rh7 Kb6 48. Rh6+ Kxa7 49. Rh7+ Kb6 50. Rh6+ Kc5 51. Rh8 Kd4 52. Rd8+ Ke3 53. Rd3+ Kf2 54. Rd1 Kxf3 55. Bc4 Rc2 56. Bf1 Kg4 57. Ra1 f3 58. Ra4+ Bf4 59. Ra1 Kg3 60. Rb1 Be3 61. Ra1 Rg2 0-1

[Event "GRE-ch U08"]
[Site "Rio Achaia"]
[Date "2018.07.06"]
[Round "6"]
[White "Makrylakis, Iason"]
[Black "Skodras, Marios Konstantinos"]
[Result "0-1"]
[WhiteElo "1205"]
[BlackElo "1116"]
[PlyCount "110"]
[EventDate "2018.07.03"]
[EventType "swiss"]
[EventRounds "9"]
[EventCountry "GRE"]
[SourceTitle "EXT 2019"]
[Source "ChessBase"]
[SourceDate "2018.10.10"]
[SourceVersion "1"]
[SourceVersionDate "2018.10.10"]
[SourceQuality "1"]

1. d4 d5 2. c4 c6 3. cxd5 cxd5 4. Nc3 Nc6 5. Nf3 Nf6 6. Bf4 Bf5 7. e3 e6 8. Bb5 Bd6 9. 0-0 Bxf4 10. exf4 Bg4 11. Be2 0-0 12. Qc2 Bxf3 13. Bxf3 Nxd4 14. Qd3 Nxf3+ 15. Qxf3 Qd7 16. Rfd1 Rfd8 17. Rac1 Rac8 18. h3 Rc7 19. Rd4 Rdc8 20. Rdd1 Ne4 21. Ne2 Rxc1 22. Rxc1 Rxc1+ 23. Nxc1 Qb5 24. Qa3 Qc5 25. Qxc5 Nxc5 26. Kf1 Kf8 27. Ke2 Ke7 28. Ke3 f5 29. Kd4 b6 30. Ne2 Kf6 31. h4 g6 32. Ng1 Ne4 33. f3 Nd6 34. Ne2 Nb5+ 35. Kd3 h5 36. Ng3 e5 37. fxe5+ Kxe5 38. Ne2 f4 39. a4 Nc7 40. Nd4 Ne6 41. Nc6+ Kd6 42. Nxa7 Nc5+ 43. Kd4 Nxa4 44. b3 Nc5 45. b4 Ne6+ 46. Kd3 Ke5 47. Nc8 b5 48. Ne7 Kf6 49. Nxd5+ Ke5 50. Nc3 Nc7 51. Ne2 Nd5 52. Nd4 Nxb4+ 53. Kc3 Nd5+ 54. Kd3 b4 55. Kc4 Ne3+ 0-1